000 00938nam a2200277 a 4500
001 58623
003 BD-RjUL
005 20211209080636.0
008 161219s19921990us a|||| |||| 001 0 eng d
020 _a081338351X
035 _a(BD-RjUL)58747
040 _aBD-RjUL
_beng
_cBD-RjUL
_dBD-RjUL
041 _aeng
082 _223
_a336.3435
_bSUD 1992
100 1 _aSuter, Christian,
_d1956-
_9174211
245 1 0 _aDebt cycles in the world-economy :
_bforeign loans, financial crises, and debt settlements, 1820-1986 /
_cChristian Suter
260 _aOxford :
_bWestview,
_cc1992
300 _axii, 234 p. :
_bill. ;
_c23 cm
504 _aIncludes bibliography and index
650 0 _aLoans, Foreign
_xHistory
_9174212
650 0 _aDebts, External
_xHistory
_9174213
650 0 _aBusiness cycles
_xHistory
_9174214
650 0 _aDebts, External
_xCase studies
_9174215
650 0 _aBusiness cycles
_xCase studies
_9174216
942 _2ddc
_cBK
999 _c58623
_d58623